000 00659nam a2200253Ia 4500
003 OSt
005 20221007095135.0
006 a|||||r|||| 00| 0
007 ta
008 221006b |||||||| |||| 00| 0 eng d
024 _a935
037 _cTextual
040 _aLCO
_cLCO
_beng
041 _2eng
_aeng
082 _aZ2,2,4qM82, M5
100 _aPRADHAN B.N
_9700843
245 0 _aCommentaries on the Transfer of Property act
250 _a3
260 _aAllahabad
_bHind Pub.
_c1985
300 _a504
650 _aTRANSFER OF PROPERTY ACT
942 _hZ2,2,4qM82, M5
_cTEXL
999 _c1170498
_d1170498